राम की शक्ति पूजा / (Record no. 121987)

MARC details
000 -LEADER
fixed length control field 01313nam a22002777a 4500
003 - CONTROL NUMBER IDENTIFIER
control field dpl
005 - DATE AND TIME OF LATEST TRANSACTION
control field 20190107131347.0
008 - FIXED-LENGTH DATA ELEMENTS--GENERAL INFORMATION
fixed length control field 190107b ||||| |||| 00| 0 eng d
010 ## - LIBRARY OF CONGRESS CONTROL NUMBER
LC control number B-195984, B-195988
020 ## - INTERNATIONAL STANDARD BOOK NUMBER
Terms of availability 600.00
International Standard Book Number 8186304401
035 ## - SYSTEM CONTROL NUMBER
System control number B-195984
037 ## - SOURCE OF ACQUISITION
Source of stock number/acquisition Cen Lib/Ret
040 ## - CATALOGING SOURCE
Original cataloging agency DPL
Language of cataloging HN
Transcribing agency 0
082 ## - DEWEY DECIMAL CLASSIFICATION NUMBER
Classification number 801.95
Item number स्वाति
100 ## - MAIN ENTRY--PERSONAL NAME
Personal name स्वाति श्वेता
9 (RLIN) 123738
245 ## - TITLE STATEMENT
Title राम की शक्ति पूजा /
Statement of responsibility, etc स्वाति श्वेता
Remainder of title साहित्यशास्त्र का निर्वचनात्मक संदर्भ /
246 ## - VARYING FORM OF TITLE
Title proper/short title Ram ki shakti pooja : Sahityashastra ka nirvachnatmak sandarbha /
Remainder of title by Swati Shweta
260 ## - PUBLICATION, DISTRIBUTION, ETC. (IMPRINT)
Place of publication, distribution, etc दिल्ली
Name of publisher, distributor, etc भारत पुस्तक भंडार
Date of publication, distribution, etc 2006
270 ## - ADDRESS
Address ई 1/265 ए, सोनिया विहार
City दिल्ली
300 ## - PHYSICAL DESCRIPTION
Extent 400पृ. :
Dimensions 20सेमी(सजिल्द)
650 ## - SUBJECT ADDED ENTRY--TOPICAL TERM
Topical term or geographic name as entry element हिंदी साहित्य का इतिहास
9 (RLIN) 10161
650 ## - SUBJECT ADDED ENTRY--TOPICAL TERM
Topical term or geographic name as entry element हिंदी साहित्य का इतिहास
9 (RLIN) 10161
650 ## - SUBJECT ADDED ENTRY--TOPICAL TERM
Topical term or geographic name as entry element Hindi Literature
9 (RLIN) 123739
650 ## - SUBJECT ADDED ENTRY--TOPICAL TERM
Topical term or geographic name as entry element Hindi Literature- Bharvat Period
9 (RLIN) 10164
942 ## - ADDED ENTRY ELEMENTS (KOHA)
Source of classification or shelving scheme Dewey Decimal Classification
Koha item type Hindi Books
Classification part 801.95
Call number suffix स्वाति
Holdings
Withdrawn status Lost status Damaged status Not for loan Home library Current library Date acquired Source of acquisition Cost, normal purchase price Total Checkouts Full call number Barcode Date last seen Date checked out Copy number Cost, replacement price Price effective from Koha item type Source of classification or shelving scheme Collection code
        Central Library Central Library 14/01/2016 Cen Lib/Ret 600.00 2 801.95 स्वाति B-195984 02/03/2022 25/01/2022 1 600.00 14/01/2016 Hindi Books    
        Shahdara Branch Shahdara Branch 07/01/2019 BPPD/PUB 600.00 1 801.95 स्वाति B-195988 30/12/2025 26/12/2025   600.00 07/01/2019 Hindi Books Dewey Decimal Classification Non-fiction

© Delhi Public Library
Hit Counter
free hit counter